Suomen pisimmät joet - Statistics

Yleistilastot
  • Tätä visaa on pelattu 83 kertaa
  • Keskiarvotulos 8 / 15
Vastaustilastot
Pituus Joki % Oikein
550 km Kemijoki
92%
180 km Tornionjoki
73%
180 km Kymijoki
70%
152 km Tenojoki
69%
330 km Iijoki
67%
162 km Pyhäjoki
61%
152 km Siikajoki
56%
230 km Muonionjoki
44%
298 km Ounasjoki
44%
172 km Simojoki
42%
278 km Kitinen
34%
170 km Ivalojoki
33%
227 km Luiro
33%
170 km Kiiminkijoki
27%
155 km Perhonjoki
17%
Ehtoja vastaavia visoja ei löytynyt
Tulosjakauma
Jokaisen tuloksen saaneiden osuus
Persentiili vastausten määrän mukaan
Tuloshistoriasi
Et ole pelannut tätä visaa